000
00293nam a2200121 a 4500
008
100923s1976|||| d
245
1
0
_a
Spomienky na Júliusa Fučíka
100
1
_a
Fučíková, Gusta
260
_b
Pravda
_a
Bratislava
_c
1976
020
_c
31
044
_a
xo
_c
SK
041
_a
slo
999
_c
10653
_d
10653